Kabale University Library Catalogue

A man of the people; (Record no. 5865)

MARC details
000 -LEADER
fixed length control field 00992cam a22003251 4500
001 - CONTROL NUMBER
control field 7534283
003 - CONTROL NUMBER IDENTIFIER
control field OSt
005 - DATE AND TIME OF LATEST TRANSACTION
control field 20260128150714.0
008 - FIXED-LENGTH DATA ELEMENTS--GENERAL INFORMATION
fixed length control field 720728s1966 nyu 000 1 eng
010 ## - LIBRARY OF CONGRESS CONTROL NUMBER
LC control number 66022929
020 ## - INTERNATIONAL STANDARD BOOK NUMBER
International Standard Book Number 043590535X
035 ## - SYSTEM CONTROL NUMBER
System control number 7534283
035 ## - SYSTEM CONTROL NUMBER
System control number (OCoLC)367876
040 ## - CATALOGING SOURCE
Original cataloging agency KABLIB
Transcribing agency KABLIB
Modifying agency OCoLC
-- KABLIB
042 ## - AUTHENTICATION CODE
Authentication code premarc
050 00 - LIBRARY OF CONGRESS CALL NUMBER
Classification number PZ4.A17
Item number Man2
Classification number PR9387.9.A3
082 ## - DEWEY DECIMAL CLASSIFICATION NUMBER
Edition number 23
Classification number 896.3
Item number ACH
100 1# - MAIN ENTRY--PERSONAL NAME
Personal name Achebe, Chinua.
9 (RLIN) 5902
245 12 - TITLE STATEMENT
Title A man of the people;
Remainder of title a novel.
260 ## - PUBLICATION, DISTRIBUTION, ETC.
Place of publication, distribution, etc. Nairobi
Name of publisher, distributor, etc. heinemann
Date of publication, distribution, etc. [1966]
300 ## - PHYSICAL DESCRIPTION
Extent 149 p.
Dimensions 20 cm.
336 ## - CONTENT TYPE
Content type term text
Content type code txt
Source rdacontent
337 ## - MEDIA TYPE
Media type term unmediated
Media type code n
Source rdamedia
338 ## - CARRIER TYPE
Carrier type term volume
Carrier type code nc
Source rdacarrier
651 #0 - SUBJECT ADDED ENTRY--GEOGRAPHIC NAME
Geographic name Nigeria
Form subdivision Fiction.
9 (RLIN) 14781
655 #7 - INDEX TERM--GENRE/FORM
Genre/form data or focus term Fiction.
Source of term lcgft
Authority record control number or standard number https://id.loc.gov/authorities/genreForms/gf2014026339
9 (RLIN) 2363
906 ## - LOCAL DATA ELEMENT F, LDF (RLIN)
a 7
b cbc
c oclcrpl
d u
e ncip
f 19
g y-gencatlg
942 ## - ADDED ENTRY ELEMENTS (KOHA)
Source of classification or shelving scheme Dewey Decimal Classification
Koha item type Book
Holdings
Withdrawn status Lost status Source of classification or shelving scheme Damaged status Not for loan Home library Current library Date acquired Total Checkouts Full call number Barcode Date last seen Price effective from Koha item type
    Dewey Decimal Classification     Education Library Education Library 28.01.2026   896.3 ACH 14167 28.01.2026 28.01.2026 Book
    Dewey Decimal Classification     Education Library Education Library 28.01.2026   896.3 ACH 14168 28.01.2026 28.01.2026 Book
    Dewey Decimal Classification     Education Library Education Library 28.01.2026   896.3 ACH 14169 28.01.2026 28.01.2026 Book
    Dewey Decimal Classification     Education Library Education Library 28.01.2026   896.3 ACH 14170 28.01.2026 28.01.2026 Book
    Dewey Decimal Classification     Education Library Education Library 28.01.2026   896.3 ACH 14171 28.01.2026 28.01.2026 Book

Kabale University Library | Kabale University P.O Box 317, Kabale, Uganda
Tel : +256754017033, +256774661503 E-mail : library@kab.ac.ug